| 000 | 00781cam0a220024100 4500 | ||
|---|---|---|---|
| 001 | lce00853906 | ||
| 008 | 730220s1973 caua b 001 0 eng | ||
| 010 | _a 73003035 | ||
| 020 |
_a0716708329 _a0716708310 (pbk.) |
||
| 035 | _a(Sirsi) r33150 | ||
| 035 | _a(DLC) 73003035 | ||
| 035 | _a(UPRA)lce00853906 | ||
| 050 | 0 |
_aHA29 _b.P517 |
|
| 082 | _a519.5 | ||
| 100 | 1 |
_aPhillips, John L., 1923- _dPhillips, John L., 1923- _6A4576.1 |
|
| 245 | 1 | 0 |
_aStatistical thinking: _ba structural approach _c[by] John L. Phillips, Jr. |
| 260 |
_aSan Francisco, _bW. H. Freeman _c[1973] |
||
| 490 | 0 |
_aA Series of books in psychology _6S19697.2 |
|
| 504 | _aBibliography: p. [120]. | ||
| 650 | 0 |
_aStatistics. _6S176.1 |
|
| 949 |
_aHA29 _wlcc _i-38322 _mMAIN _tBOOK _lON-SHELF |
||
| 004 | 33150 | ||
| 999 |
_c62562 _d62562 |
||